000 01399nmm a2200349 a 4500
001 ocm0001732483
003 TR-IsHL
005 20201028171204.0
008 180224s2018 tu eng
007 cr cn
020 _a9786052259245
035 _a1732483
_b(N$T)
050 0 4 _aE168
_b.M8613 2018
090 0 4 _aE168
_b.M8613 2018
100 1 _aMünsterberg, Hugo
245 1 0 _aThe Americans: American Problems from the Point of View of a Psychologist
_h[electronic resource] /
_cHugo Münsterberg ; translator Edwin B. Holt
260 _aİstanbul :
_be-Kitap Projesi & Cheapest Books,
_c2018
300 _a463 p.
650 4 _aTarih
650 4 _aHistory
650 0 _aAmerika Birleşik Devletleri
_x Politika ve yönetim
650 0 _aUnited States
_x Politics and government
650 0 _aAmerika Birleşik Devletleri
_x Ekonomik durum
650 0 _aUnited States
_x Economic conditions
650 0 _aAmerika Birleşik Devletleri
_x Entelektüel yaşam
650 0 _aUnited States
_x Intellectual life
650 0 _aAmerika Birleşik Devletleri
_x Sosyal yaşam ve adetler
_x 1865-1918
650 0 _aUnited States
_x Social life and customs
_x 1865-1918
650 7 _aPOLITICAL SCIENCE / American Government / General
_2bisacsh
700 1 _aHolt, Edwin B.
856 4 0 _uhttp://search.ebscohost.com/login.aspx?direct=true&scope=site&db=e011xww&AN=1732483
999 _c16641
_d16641